「東」がつく市名 - Statistics

General Stats
  • This quiz has been taken 42 times
    41 since last reset
  • The average score is 18 of 21
Answer Stats
都道府県 市名 % Correct
大阪府 東大阪市
97%
広島県 東広島市
97%
東京都 東久留米市
95%
兵庫県 加東市
92%
東京都 東村山市
89%
東京都 西東京市
89%
滋賀県 東近江市
89%
香川県 東かがわ市
89%
宮城県 東松島市
86%
埼玉県 東松山市
86%
東京都 東大和市
86%
静岡県 伊東市
86%
滋賀県 栗東市
84%
大分県 国東市
84%
愛知県 東海市
81%
長野県 東御市
78%
大阪府 大東市
78%
愛媛県 東温市
78%
千葉県 東金市
76%
山形県 東根市
73%
茨城県 坂東市
73%
No matching quizzes found
Score Distribution
Percent of People with Each Score
Percentile by Number Answered
Your Score History
You have not taken this quiz since the last reset